The Curse Of The Mummys Tomb Goosebumps Tales Of Terror (Record no. 586304)
[ view plain ]
| 000 -LEADER | |
|---|---|
| fixed length control field | 00315nam a22001217a 4500 |
| 020 ## - INTERNATIONAL STANDARD BOOK NUMBER | |
| International Standard Book Number | 9781407157498 |
| 040 ## - CATALOGING SOURCE | |
| Transcribing agency | NUST |
| 082 ## - DEWEY DECIMAL CLASSIFICATION NUMBER | |
| Classification number | 823-CH |
| Author Mark | STI |
| 100 ## - MAIN ENTRY--PERSONAL NAME | |
| Personal name | Stine, R L |
| 9 (RLIN) | 68211 |
| 245 ## - TITLE STATEMENT | |
| Title | The Curse Of The Mummys Tomb Goosebumps Tales Of Terror |
| 260 ## - PUBLICATION, DISTRIBUTION, ETC. | |
| Place of publication, distribution, etc. | London: |
| Name of publisher, distributor, etc. | Scholastic Ltd, |
| Date of publication, distribution, etc. | 1993. |
| 942 ## - ADDED ENTRY ELEMENTS (KOHA) | |
| Source of classification or shelving scheme | |
| Koha item type | Book |
| Withdrawn status | Lost status | Source of classification or shelving scheme | Damaged status | Not for loan | Permanent Location | Current Location | Shelving location | Date acquired | Shelving control number | Full call number | Barcode | Date last seen | Price effective from | Koha item type | Public note |
|---|---|---|---|---|---|---|---|---|---|---|---|---|---|---|---|
| College of Electrical & Mechanical Engineering (CEME) | College of Electrical & Mechanical Engineering (CEME) | Fiction | 08/31/2021 | English Literature | 823-CH STI | CEME-50328 | 08/31/2021 | 08/31/2021 | Book | CART-4 |
